Orelsan quiz ( extrême ) - Statistiques

Statistiques générales
  • Ce quiz a été pris 69 fois
  • Le résultat moyen est 4 sur 10
Statistiques - réponses
Question Réponse % Correct
Quand a t-il sorti son première album 2009
79%
Quel musique originalement dans son Premier album a été retiré pour ses paroles Sale pute
77%
Dans quel ville a t'il fait son premier concert hors de Caen Paris
60%
Dans quel ville est-il né Alençon
55%
Quel est le prénom et nom de Gringe Guillaume Tranchant
49%
Dans quel pays l'a t-on vu aller dans montre jamais ça a personne Madagascar
28%
Quel est sa date de naissance 1 août 1982
23%
Quel est le prénom et nom de skread Matthieu le Carpentier
8%
Pourquoi lors de ses premiers concerts a Caen il a décidé de se faire recaler de son concert Pour s'excuser
6%
Quel est le prénom et nom d'ablaye Abdoulaye Doucouré
4%
Aucun quiz correspondant
Distribution des résultats
% des personnes avec chaque résultat
Percentile par nombre de réponses
Votre historique - résultats
Vous n’avez pas pris ce quiz